000 00681nam a2200289Ia 4500
005 20260324141556.0
008 008 260324s9999 xx 000 0 eng d
020 _a9780429315268
037 _aEBOOK
040 _aCRL
040 _beng
040 _cCRL
041 _2eng
041 _aeng
084 _qCRL
100 _aMark Gottdiener
_91196880
245 4 _aThe Theming Of America
245 0 _bDreams, Visions, And Commercial Spaces
260 _bTaylor and Francis
260 _c1997
365 _a
365 _b230
856 _uhttp://www.taylorfrancis.com/books/9780429315268
942 _cEBOOK
999 _c1811951
_d1811951